000 00298nam a22001337a 4500
008 181122b xxu||||| |||| 00| 0 eng d
020 _a1879736004
041 _aeng
080 _a070
100 _a40
101 _aMED
245 _aThe Disuniting of America
_cSchlesinger,A.M
942 _2udc
_cBK
999 _c52356
_d52356